[Event "Lviv Tradition June 2018"]
[Site "Lviv"]
[Date "2018.06.13"]
[Round "4"]
[White "Shkuran, Danylo"]
[Black "Dedebas, Emre Emin"]
[Result "1-0"]
[WhiteElo "2368"]
[BlackElo "2336"]
[Annotator "NA"]
[PlyCount "123"]
[EventDate "2018.??.??"]
[EventType "schev"]
[EventCountry "UKR"]
[SourceTitle "playchess.com"]
[Source "ChessBase"]
[SourceQuality "1"]
[TimeControl "5400+30"]

1. Nf3 {[%emt 0:00:00]} Nf6 {[%emt 0:00:11]} 2. g3 {[%emt 0:00:00]} d5 {[%emt 0:00:04]} 3. Bg2 {[%emt 0:00:00]} c6 {[%emt 0:00:05]} 4. O-O {[%emt 0:00:04]} Bg4 {[%emt 0:00:05]} 5. d4 {[%emt 0:00:23]} Nbd7 {[%emt 0:00:17]} 6. Nbd2 {[%emt 0:00:54]} e6 {[%emt 0:00:17]} 7. Re1 {[%emt 0:00:16]} Be7 {[%emt 0:00:06]} 8. e4 {[%emt 0:00:38]} dxe4 {[%emt 0:00:18]} 9. Nxe4 {[%emt 0:00:05]} O-O {[%emt 0:00:11]} 10. Nxf6+ {[%emt 0:02:39]} Bxf6 {[%emt 0:03:19]} 11. h3 {[%emt 0:09:03]} Bxf3 {[%emt 0:08:14]} 12. Bxf3 {[%emt 0:18:53]} Bg5 {[%emt 0:00:09]} 13. Bxg5 {[%emt 0:02:13]} Qxg5 {[%emt 0:00:07]} 14. c3 {[%emt 0:00:09]} a5 {[%emt 0:01:45]} 15. Qb3 {[%emt 0:00:39]} Rab8 {[%emt 0:00:25]} 16. Rad1 {[%emt 0:02:29]} Rfe8 {[%emt 0:00:37]} 17. c4 {[%emt 0:01:30]} Qf6 {[%emt 0:16:26]} 18. Bg2 {[%emt 0:11:09]} Rec8 {[%emt 0:16:00]} 19. Re2 {[%emt 0:09:06]} Qd8 {[%emt 0:11:52]} 20. d5 {[%emt 0:11:31]} Nc5 {[%emt 0:00:09]} 21. Qe3 {[%emt 0:00:26]} Qd6 {[%emt 0:01:13]} 22. Rdd2 {[%emt 0:02:31]} cxd5 {[%emt 0:10:47]} 23. cxd5 {[%emt 0:00:08]} exd5 {[%emt 0:00:32]} 24. Bxd5 {[%emt 0:02:49]} Qf8 {[%emt 0:00:12]} 25. Qf3 {[%emt 0:09:01]} Rc7 {[%emt 0:01:22]} 26. Rd4 {[%emt 0:03:54]} Rd8 {[%emt 0:12:54]} 27. Rf4 {[%emt 0:00:25]} Rdd7 {[%emt 0:00:12]} 28. Re5 {[%emt 0:09:30]} g6 {[%emt 0:13:08]} 29. Qe3 {[%emt 0:02:47]} Rd8 {[%emt 0:00:13]} 30. Bxf7+ {[%emt 0:01:15]} Rxf7 {[%emt 0:00:08]} 31. Rxf7 {[%emt 0:00:35]} Qxf7 {[%emt 0:00:06]} 32. Rxc5 {[%emt 0:00:27]} b6 {[%emt 0:02:23]} 33. Rc1 {[%emt 0:00:28]} Qxa2 {[%emt 0:01:41]} 34. Qxb6 {[%emt 0:00:29]} Qd5 {[%emt 0:00:18]} 35. Qa7 {[%emt 0:00:31]} Rd7 {[%emt 0:00:24]} 36. Qb8+ {[%emt 0:00:30]} Kg7 {[%emt 0:00:08]} 37. h4 {[%emt 0:00:16]} Qh5 {[%emt 0:02:10]} 38. Rc8 {[%emt 0:00:44]} Qd1+ {[%emt 0:00:30]} 39. Kh2 {[%emt 0:00:25]} Qd5 {[%emt 0:00:09]} 40. Rf8 {[%emt 0:00:36]} Rf7 {[%emt 0:00:51]} 41. Rxf7+ {[%emt 0:00:21]} Qxf7 {[%emt 0:00:22]} 42. Qe5+ {[%emt 0:00:08]} Kg8 {[%emt 0:00:11]} 43. Kg1 {[%emt 0:00:38]} Qa7 {[%emt 0:00:57]} 44. h5 {[%emt 0:00:22]} gxh5 {[%emt 0:00:31]} 45. Qg5+ {[%emt 0:00:15]} Kh8 {[%emt 0:00:17]} 46. Qxh5 {[%emt 0:00:25]} Qd4 {[%emt 0:00:19]} 47. Qf7 {[%emt 0:00:20]} Qc5 {[%emt 0:00:32]} 48. Kg2 {[%emt 0:00:51]} Qc6+ {[%emt 0:00:49]} 49. f3 {[%emt 0:00:43]} h6 {[%emt 0:00:23]} 50. Kh3 {[%emt 0:00:49]} Qb5 {[%emt 0:00:39]} 51. Qg6 {[%emt 0:00:33]} Qxb2 {[%emt 0:00:31]} 52. Qxh6+ Kg8 53. Qg5+ {[%emt 0:00:16]} Kf7 {[%emt 0:01:00]} 54. Qxa5 {[%emt 0:00:56]} Qf2 {[%emt 0:00:30]} 55. Qd5+ {[%emt 0:00:13]} Kf6 {[%emt 0:00:09]} 56. Kg4 {[%emt 0:00:08]} Qc2 {[%emt 0:00:24]} 57. Qd4+ {[%emt 0:00:27]} Kf7 {[%emt 0:00:01]} 58. Qf4+ {[%emt 0:00:10]} Kg8 {[%emt 0:00:27]} 59. Qg5+ {[%emt 0:00:31]} Kh8 {[%emt 0:00:00]} 60. Kh5 {[%emt 0:00:30]} Qc3 {[%emt 0:01:09]} 61. f4 {[%emt 0:01:17]} Qc6 {[%emt 0:00:43]} 62. Qh6+ {[%emt 0:00:10]} 1-0

[Event "Lviv Tradition June 2018"]
[Site "Lviv"]
[Date "2018.06.13"]
[Round "4.1"]
[White "Anwesh, Upadhyaya"]
[Black "Can, Isik"]
[Result "1/2-1/2"]
[WhiteElo "2375"]
[BlackElo "2396"]
[Annotator "TA"]
[PlyCount "60"]
[EventDate "2018.??.??"]
[EventType "schev"]
[EventCountry "UKR"]
[SourceTitle "playchess.com"]
[Source "ChessBase"]
[SourceQuality "1"]
[WhiteTeam "Ukraine Mix"]
[BlackTeam "Turkey Young Stars"]

{[%evp 29,60,-60,-36,-76,-52,-58,-58,-93,-69,-89,-82,-130,-119,-126,-108,-108,-74,-125,-17,-27,-28,-33,16,27,19,0,0,0,0,3,22,16,30]} 1. e4 c6 2. d4 d5 3. Nd2 dxe4 4. Nxe4 Bf5 5. Ng3 Bg6 6. h4 h6 7. Nf3 Nd7 8. h5 Bh7 9. Bd3 Bxd3 10. Qxd3 e6 11. Bd2 Be7 12. O-O-O Ngf6 13. Kb1 O-O 14. Rhe1 {B19: Classical Caro-Kann: 4...Bf5 main line} (14. Ne4 c5 15. g4 Nxg4 16. Qe2 Qb6 17. Ne5 Ndxe5 18. dxe5 f5 19. exf6 Nxf6 20. Nc3 Rad8 21. Rhg1 Kh8 22. Rg6 {½-½ (38) Saric,I (2662)-Nisipeanu,L (2672) Heraklio 2017}) 14... c5 15. Qe2 Qb6 {LiveBook: 3 Games} 16. Bc1 {Black is slightly better.} Nd5 $146 ({Predecessor:} 16... Rfd8 17. c4 cxd4 18. Rxd4 Bc5 19. Rd3 a5 20. Red1 a4 {½-½ (50) Blanco,H (2434)-Rasmussen,K (2447) Santiago de Cuba 2009}) 17. Ka1 cxd4 18. Nxd4 Bf6 19. c3 Nc5 20. Ne4 Nxe4 $1 21. Qxe4 Rfc8 22. Qd3 a5 23. f4 {[#]} (23. Be3 $142) 23... a4 (23... Nb4 $1 $17 {[%cal Rb4d3][%mdl 512]} 24. cxb4 Bxd4) 24. a3 $1 $11 Rc5 25. g4 Nxf4 (25... Rac8 {keeps more tension.} 26. Bd2 Rd8 27. Rh1 Ne7 28. Be3 Nc6) 26. Bxf4 {And now Nxe6 would win.} e5 27. Be3 {The position is equal.} exd4 28. Bxd4 Bxd4 29. Qxd4 Qc7 30. Re4 Qc6 {Precision: White = 46%, Black = 54%.} 1/2-1/2

[Event "Lviv Tradition June 2018"]
[Site "Lviv"]
[Date "2018.06.14"]
[Round "5"]
[White "Can, Isik"]
[Black "Mirzoev, Emil"]
[Result "1/2-1/2"]
[WhiteElo "2396"]
[BlackElo "2421"]
[Annotator "TA"]
[PlyCount "114"]
[EventDate "2018.??.??"]
[EventType "schev"]
[EventCountry "UKR"]
[SourceTitle "playchess.com"]
[Source "ChessBase"]
[SourceQuality "1"]

{[%evp 19,114,26,19,-4,86,93,301,91,85,20,20,20,20,20,13,-5,-5,0,13,13,8,0,25,25,24,21,17,18,18,17,17,17,16,14,70,70,70,70,70,70,83,83,83,83,83,83,83,83,83,83,83,0,83,63,83,83,83,83,83,83,83,0,83,83,83,83,83,83,83,83,83,83,83,0,83,83,83,83,83,83,83,83,83,65,83,83,83,83,83,83,83,69,69,69,69,69,69]} 1. e4 e6 2. d4 d5 3. Nc3 Nc6 4. Nf3 Nf6 5. e5 Ne4 6. Ne2 f6 7. Ng3 {C10: French with 3 Nc3: Unusual Black 3rd moves and 3...dxe4} fxe5 8. Bb5 exd4 9. Nxe4 dxe4 10. Nxd4 Qd5 {LiveBook: 21 Games} 11. c4 Qd6 $146 (11... Bb4+ $1 $11 12. Bd2 Qc5) ({Predecessor:} 11... Bb4+ 12. Bd2 Qxd4 13. Bxb4 Qxb2 14. Rb1 Qf6 15. Bxc6+ bxc6 {1-0 (41) Grandelius,N (2649)-Stupak,K (2535) Gjakova 2016}) 12. Nxc6 $16 Qxd1+ 13. Kxd1 {[#] Strongly threatening Nxa7+.} a6 14. Nd4+ (14. Ba4 $16 Bd7 15. Re1) 14... axb5 $11 15. Nxb5 Bd6 $1 16. Nc3 Bd7 17. Nxe4 Ba4+ 18. Ke2 Bb3 19. Nxd6+ cxd6 20. Kd3 d5 21. cxd5 Bxd5 22. f3 $36 {[%mdl 2048] White is pushing.} Rxa2 23. Rxa2 Bxa2 {[%mdl 4096] Endgame KRB-KRB} 24. Be3 {[#] Threatens to win with Ra1.} Bd5 25. Rc1 Kd7 26. Bd4 Rc8 (26... Rg8 $11) 27. Rxc8 $14 Kxc8 28. Bxg7 {KB-KB} Kd7 29. h4 {[%cal Bh2h4,Bh4h5][%mdl 32]} Ke7 30. h5 Kf7 31. Be5 Bc6 32. Kc4 Bd5+ 33. Kc5 Ke7 34. Bc3 Kd7 35. Be5 Ke7 36. Bf4 Kd7 37. Bg5 Bb3 38. Bf6 Bd1 39. Kd4 Ke8 40. Kc5 ({White should play} 40. Be5 $16) 40... Bb3 (40... Kd7 $1 $11 {keeps the balance.}) 41. Kb6 Bd5 42. b4 Kd7 43. Kc5 Bc6 44. Kd4 Ke8 45. Bh4 Bb5 46. Bf6 ({White should try} 46. Ke5 $16) 46... Kf7 (46... Bc6 $1 $11 {remains equal.}) 47. Be5 $16 Bf1 48. g4 Be2 49. Ke3 Bd1 50. Bc3 Kg8 51. b5 {[%cal Bb4b5,Bb5b6][%mdl 32]} Kf7 52. b6 Kg8 53. Kf4 Kf7 54. Kg3 Be2 55. f4 Bd1 {White is slightly better.} 56. Kh4 Be2 57. Kg5 Bd1 {Precision: White = 65%, Black = 64%.} 1/2-1/2

[Event "Lviv Tradition June 2018"]
[Site "Lviv"]
[Date "2018.06.14"]
[Round "5"]
[White "Dedebas, Emre Emin"]
[Black "Frolov, Artur"]
[Result "1/2-1/2"]
[WhiteElo "2336"]
[BlackElo "2406"]
[Annotator "TA"]
[PlyCount "66"]
[EventDate "2018.??.??"]
[EventType "schev"]
[EventCountry "UKR"]
[SourceTitle "playchess.com"]
[Source "ChessBase"]
[SourceQuality "1"]

{[%evp 18,66,37,47,78,66,67,71,83,35,75,78,99,99,99,99,111,95,95,69,78,55,72,73,61,71,66,72,63,66,62,61,77,46,30,33,58,61,69,0,12,14,89,44,91,89,129,120,92,91,212]} 1. d4 Nf6 2. Nf3 g6 3. c4 Bg7 4. Nc3 O-O 5. Bg5 h6 6. Bh4 d6 7. e3 c6 8. Be2 a6 9. O-O b5 {E61: King's Indian: Early deviations for White, including Smyslov System} 10. Nd2 {LiveBook: 6 Games} b4 11. Na4 a5 $146 {White is slightly better.} ({Predecessor:} 11... Nbd7 12. c5 dxc5 13. dxc5 a5 14. Qc2 Ba6 15. Bxa6 Rxa6 16. Nc4 Qb8 17. Rfd1 {1-0 (57) Peralta,F (2360)-Nevednichy,V (2550) Cappelle-la-Grande 1998}) 12. c5 Ba6 13. Nc4 Bxc4 14. Bxc4 d5 15. Bd3 Nbd7 {[#]} 16. f4 $1 e6 17. a3 Qc7 18. axb4 axb4 19. b3 Ne4 20. Bxe4 dxe4 21. Qc2 f5 22. Qc4 Kf7 23. Qxb4 Rfb8 24. Qc4 Qa5 25. Rfb1 Qd2 26. Bf2 Rb4 27. Qf1 g5 28. Qe1 (28. fxg5 $14 hxg5 29. Rd1) 28... Qxe1+ $11 29. Bxe1 Rb5 (29... Rb7 $11 {keeps the balance.}) 30. g3 Nf6 31. b4 {Black must now prevent Nb6.White is better.} Ng4 32. Bd2 gxf4 33. gxf4 {And now h3 would win.} Rg8 {Precision: White = 57%, Black = 41%.} (33... Rb7 $16 {is a better defense.}) 1/2-1/2

[Event "Lviv Tradition June 2018"]
[Site "Lviv"]
[Date "2018.06.14"]
[Round "5"]
[White "Ozenir, Ekin Baris"]
[Black "Shkuran, Danylo"]
[Result "0-1"]
[WhiteElo "2320"]
[BlackElo "2368"]
[Annotator "TA"]
[PlyCount "78"]
[EventDate "2018.??.??"]
[EventType "schev"]
[EventCountry "UKR"]
[SourceTitle "playchess.com"]
[Source "ChessBase"]
[SourceQuality "1"]

{[%evp 10,78,-2,-32,-3,6,16,-15,-15,-30,-32,-23,-35,-32,-21,-21,-21,-49,-47,-47,-52,-50,-41,-91,-77,-81,-60,-98,-98,-98,-100,-188,-188,-188,-190,-202,-198,-192,-178,-197,-210,-194,-200,-217,-197,-176,-158,-215,-229,-206,-222,-221,-212,-286,-299,-391,-381,-418,-436,-432,-422,-397,-390,-732,-710,-689,-648,-1110,-1047,-671,-578]} 1. d4 Nf6 2. Bg5 e6 3. e4 h6 4. Bxf6 Qxf6 5. Qd2 (5. c3 d6 6. Bd3 g6 7. Ne2 Bg7 8. O-O O-O 9. f4 Qe7 10. e5 b6 11. Nd2 Bb7 12. Be4 Bxe4 13. Nxe4 Rd8 14. Qe1 {0-1 (62) Moiseenko,A (2667)-Wang,Y (2690) Riadh 2017}) 5... c5 6. c3 {LiveBook: 3 Games. A45: Trompowsky Attack} b6 7. Nf3 Bb7 8. Qe3 $146 {The position is equal.} ({Predecessor:} 8. d5 exd5 9. exd5 Bd6 10. Be2 Na6 11. O-O O-O 12. c4 Bf4 {½-½ (41) Legky,N (2420)-Soyer,J (2061) Avoine 2015}) 8... Nc6 9. a3 cxd4 10. cxd4 e5 {[%cal Rc6d4]} 11. d5 Nd4 $36 {[%mdl 2048] Black has the initiative.} 12. Nxd4 {[#] Black must now prevent Nc2.} Bc5 13. Qf3 {Strongly threatening Qxf6.} Bxd4 14. Qxf6 gxf6 15. Nc3 Ke7 16. Be2 Rhc8 {aiming for ...Rxc3.} 17. Rc1 Rc5 18. Rf1 Rac8 19. Kd2 {[#]} f5 $1 {[%mdl 512]} 20. exf5 (20. f3 $17 {keeps fighting.}) 20... Bxc3+ $1 $19 21. Rxc3 Rxd5+ 22. Kc2 Rxc3+ 23. bxc3 {[%mdl 4096] Endgame KRB-KRB} Ra5 24. g4 Rxa3 25. Kb2 Ra4 26. c4 Ba6 27. Kb3 Ra5 28. Re1 (28. f4 $17) 28... d5 29. cxd5 Bxe2 30. Rxe2 Rxd5 {KR-KR} 31. Re3 Kf6 32. h3 Rd2 33. f3 Rh2 34. Kc4 Rxh3 35. Kd5 h5 {Threatens to win with ...hxg4.} 36. gxh5 $2 (36. g5+ Kxf5 37. Rxe5+ Kg6 38. Ke4) 36... Rxh5 {Black is clearly winning.} 37. Ra3 Rxf5 38. Rxa7 Rxf3 39. Rb7 Rd3+ {Precision: White = 36%, Black = 74%.} 0-1

[Event "Lviv Tradition June 2018"]
[Site "Lviv"]
[Date "2018.06.14"]
[Round "5"]
[White "Tanriverdi, Enes"]
[Black "Sabuk, Piotr"]
[Result "1-0"]
[WhiteElo "2281"]
[BlackElo "2369"]
[Annotator "TA"]
[PlyCount "85"]
[EventDate "2018.??.??"]
[EventType "schev"]
[EventCountry "UKR"]
[SourceTitle "playchess.com"]
[Source "ChessBase"]
[SourceQuality "1"]

{[%evp 33,85,0,0,0,31,22,18,9,24,27,24,29,43,25,33,32,38,26,57,50,78,35,16,0,29,43,49,49,218,218,239,148,175,160,339,333,755,766,810,779,2041,2033,1468,1395,1412,1379,1351,1243,1267,1218,1635,1589,29991,29992]} 1. d4 Nf6 2. c4 e6 3. Nf3 d5 4. Nc3 c5 5. cxd5 Nxd5 6. e4 Nxc3 7. bxc3 cxd4 8. cxd4 Bb4+ 9. Bd2 Bxd2+ 10. Qxd2 O-O 11. Bc4 Nd7 12. O-O b6 13. Rad1 Bb7 14. Rfe1 Rc8 {D41: Queen's Gambit Declined: Semi-Tarrasch with 5 cxd5} 15. Bb3 Qf6 (15... Re8 16. h3 Nf6 17. Qf4 Nh5 18. Qe5 Nf6 19. Qf4 Nh5 20. Qh2 h6 21. d5 exd5 22. exd5 Rxe1+ 23. Nxe1 {½-½ (57) So,W (2799)-Kramnik,V (2800) Berlin 2018}) 16. Qe3 h6 17. h3 Rfd8 {LiveBook: 12 Games} 18. d5 e5 19. Rc1 Ba6 $146 ({Predecessor:} 19... Rxc1 20. Rxc1 Nc5 21. Bc4 Bc8 22. Bb5 Bd7 23. Bxd7 Rxd7 24. Nd2 Qg5 25. Qxg5 hxg5 26. f3 Rc7 27. Kf1 {½-½ (27) Real de Azua,E (2483)-Valerga,D (2452) Villa Martelli 2017}) 20. a4 Nc5 21. Bc4 Bxc4 22. Rxc4 Nb7 23. Rec1 Rc5 24. Rxc5 Nxc5 25. Rc4 a5 26. Qc3 Re8 27. g3 Qd6 28. Qe3 f5 29. exf5 e4 30. Rd4 {Threatens to win with Nd2.} Qd7 $2 (30... Qf8 $14) 31. Nh4 $18 Nxa4 {intending ...Nc5.} 32. f6 Nc5 33. fxg7 Kxg7 $2 (33... Kh7 $16 {is a better defense.} 34. g8=R Rxg8) 34. g4 Rh8 $2 (34... Rf8 35. Nf5+ Rxf5 36. gxf5 Qxf5) 35. Nf5+ Kg6 36. d6 h5 37. Nh4+ Kf7 38. Qg5 {[#] White wants to mate with Qg6+.} Qe6 39. Rd5 Nd7 40. Rf5+ Ke8 41. Qc1 {[%cal Rc1c8]} Ne5 42. Qc7 {Rxe5! would kill now.} Rg8 {[#]} 43. Rxe5 $1 {[%mdl 512] Precision: White = 62%, Black = 28%.} 1-0

[Event "Lviv Tradition June 2018"]
[Site "Lviv"]
[Date "2018.06.14"]
[Round "5"]
[White "Akdogan, Alperen"]
[Black "Anwesh, Upadhyaya"]
[Result "1/2-1/2"]
[WhiteElo "2260"]
[BlackElo "2375"]
[Annotator "TA"]
[PlyCount "107"]
[EventDate "2018.??.??"]
[EventType "schev"]
[EventCountry "UKR"]
[SourceTitle "playchess.com"]
[Source "ChessBase"]
[SourceQuality "1"]

{[%evp 18,107,0,-12,0,0,8,18,22,20,27,16,23,8,14,9,13,-20,-14,-70,-32,-29,-29,-33,-41,-39,-31,-44,-45,-54,-56,-68,-54,-61,-57,-81,-30,-82,-82,-78,-82,-84,-85,-81,-91,-86,-76,-69,-77,-82,0,-4,0,-16,-6,-34,-37,-30,-17,-64,-66,-70,-45,-54,-37,-100,-15,-15,-17,-32,-18,-14,-23,-48,-52,-69,-72,-85,-64,-71,-68,-69,-69,-72,-41,-41,-41,-41,-41,-41,-41,-41]} 1. d4 d5 2. Nf3 Nf6 3. c4 c6 4. Qc2 dxc4 5. Qxc4 Bg4 6. Nbd2 Nbd7 {D23: Queen's Gambit Accepted: 3 Nf3 Nf6 sidelines} 7. g3 e6 8. Bg2 Be7 9. Ne5 Bh5 10. Nxd7 {LiveBook: 5 Games} Qxd7 11. O-O O-O 12. Nb3 Bg6 $146 ({Predecessor:} 12... Rfd8 13. e4 a5 14. a4 {1-0 (70) Le,Q (2693)-Gelfand,B (2738) Astana 2012}) 13. Nc5 Qc7 14. Bf4 Qb6 15. b3 Rfd8 16. e4 a5 17. a3 Qa7 18. Be3 (18. Rfe1 $11) 18... b6 19. Nd3 Bxe4 20. Bxe4 Nxe4 21. Qxc6 Nf6 $36 {[%mdl 2048] White is under pressure.} 22. Rfc1 Nd5 23. a4 Bf6 24. Rc4 h6 25. Rac1 Qa6 26. R1c2 Ne7 ({Better is} 26... g5 $17) 27. Qe4 {[#]} (27. Qf3 $11 {keeps the balance.}) 27... Nf5 $1 $17 28. Qg4 Rac8 29. d5 Rxc4 ({Much worse is} 29... exd5 $6 30. Rxc8 Rxc8 31. Rxc8+ Qxc8 32. Bxb6 $11) 30. Qxc4 Qxc4 31. bxc4 Nxe3 ({Of course not} 31... exd5 $6 32. Bxb6 Rc8 33. c5 $14) 32. fxe3 exd5 {[%mdl 4096] Endgame KRB-KRN} 33. c5 {[#]} bxc5 ({Black should try} 33... Rc8 $1 $17 {Black wants to play ...Be7.} 34. c6 Kf8) 34. Rxc5 $11 Bg5 35. Rxa5 Bxe3+ 36. Kg2 Bd2 37. Rc5 d4 38. Rc4 Bc3 39. Kf2 Rb8 40. h4 Rb1 41. Nf4 (41. h5 $15) 41... g5 (41... Be1+ $17 42. Kg2 Rb2+ 43. Kh3 Rb3 44. Rxd4 Rxg3+ 45. Kh2 Ra3) 42. hxg5 hxg5 43. Nd5 Ba1 44. a5 Rb2+ 45. Ke1 {Threatens to win with Ra4.} Ra2 46. Ne7+ Kh7 47. Nc6 d3 48. g4 Bg7 49. a6 Rxa6 {...Ra2 is the strong threat.} 50. Kd2 Bf8 51. Kxd3 {Black is slightly better.} Bd6 52. Ke4 Kg6 53. Nd4 Bf4 54. Rc6+ {Precision: White = 62%, Black = 56%.} 1/2-1/2

[Event "Lviv Tradition June 2018"]
[Site "Lviv"]
[Date "2018.06.14"]
[Round "6"]
[White "Mirzoev, Emil"]
[Black "Akdogan, Alperen"]
[Result "1/2-1/2"]
[WhiteElo "2421"]
[BlackElo "2260"]
[Annotator "TA"]
[PlyCount "60"]
[EventDate "2018.??.??"]
[EventType "schev"]
[EventCountry "UKR"]
[SourceTitle "playchess.com"]
[Source "ChessBase"]
[SourceQuality "1"]

{[%evp 21,60,0,0,0,0,-20,-28,-33,-32,-33,-10,-31,-14,-34,-22,-24,0,-2,0,0,0,0,0,-12,-8,-30,-25,-14,-14,-22,-17,-38,-47,-65,0,-24,0,-63,0,-62,0]} 1. d4 Nf6 2. c4 e6 3. Nc3 Bb4 4. a3 Bxc3+ 5. bxc3 c5 6. f3 d5 7. cxd5 exd5 8. e3 c4 {E25: Nimzo-Indian: Sämisch: 5...c5 6 f3 d5 7 cxd5} 9. Ne2 O-O (9... h5 10. g3 Nc6 11. Bg2 h4 12. O-O hxg3 13. Nxg3 Be6 14. e4 Qd7 15. Bg5 Nh7 16. f4 Nxg5 17. fxg5 {1-0 (49) Volkov,S (2609)-Alekseev,E (2636) St Petersburg 2016}) 10. g4 Nc6 {[%cal Bb8c6,Bc6a5,Ba5b3][%mdl 32]} 11. Ng3 Na5 {LiveBook: 5 Games} 12. Ra2 Nb3 13. Re2 $146 ({Predecessor:} 13. Bg2 h6 14. O-O Qc7 15. e4 dxe4 16. fxe4 Bxg4 {1-0 (47) Galojan,L (2291)-Zarkovic,M (2241) Heraklio 2017}) 13... b5 14. Bg2 a5 15. O-O b4 16. Bb2 Ne8 17. axb4 axb4 18. cxb4 Nd6 19. e4 dxe4 20. Nxe4 Nxe4 21. Rxe4 Bb7 22. Ree1 Qb6 23. Bc3 Rad8 {[%cal Rb3d4]} 24. Qe2 Nxd4 25. Qe3 Rd6 26. Kf2 Qd8 27. Qe7 Qb6 28. Qe3 $1 Qd8 29. Qe7 Qb6 {[#] And now ...Nf5+ would win.} 30. Qe3 $1 Qd8 {Precision: White = 72%, Black = 62%.} (30... f5 $15 31. Kg1 fxg4 32. fxg4 Rxf1+ 33. Bxf1 Nf3+ 34. Kf2 Nxe1 35. Bxc4+ Kf8 36. Qxb6 Rxb6 37. Bxe1 Rf6+ 38. Kg1 Be4) 1/2-1/2

[Event "Lviv Tradition June 2018"]
[Site "Lviv"]
[Date "2018.06.14"]
[Round "6"]
[White "Frolov, Artur"]
[Black "Ozenir, Ekin Baris"]
[Result "0-1"]
[WhiteElo "2406"]
[BlackElo "2320"]
[Annotator "NA"]
[PlyCount "89"]
[EventDate "2018.??.??"]
[EventType "schev"]
[EventCountry "UKR"]
[SourceTitle "playchess.com"]
[Source "ChessBase"]
[SourceQuality "1"]
[TimeControl "5400+30"]

1. e4 {[%emt 0:00:00]} Nc6 {[%emt 0:00:16]} 2. d4 {[%emt 0:00:00]} d5 {[%emt 0:00:04]} 3. e5 {[%emt 0:02:52]} Bf5 {[%emt 0:00:21]} 4. c3 {[%emt 0:10:28]} f6 {[%emt 0:01:05]} 5. f4 {[%emt 0:00:30]} Nh6 {[%emt 0:01:51]} 6. Be2 {[%emt 0:10:20]} Qd7 {[%emt 0:07:05]} 7. Nf3 {[%emt 0:03:20]} e6 {[%emt 0:02:21]} 8. b4 {[%emt 0:05:05]} Be7 {[%emt 0:08:19]} 9. O-O {[%emt 0:00:16]} Bg6 {[%emt 0:04:56]} 10. a4 {[%emt 0:04:54]} O-O {[%emt 0:03:45]} 11. Nbd2 {[%emt 0:00:36]} fxe5 $16 {[%emt 0:07:36]} 12. b5 {[%emt 0:20:56]} Nd8 {[%emt 0:05:37]} 13. Nxe5 {[%emt 0:00:42]} Qe8 {[%emt 0:01:16]} 14. Nxg6 {[%emt 0:05:12]} hxg6 {[%emt 0:04:43]} 15. Nf3 {[%emt 0:00:54]} Bd6 {[%emt 0:04:02]} 16. g3 {[%emt 0:02:41]} Nf5 {[%emt 0:04:39]} 17. Bd3 {[%emt 0:02:06]} c5 {[%emt 0:05:22]} 18. bxc6 {[%emt 0:03:46]} Nxc6 {[%emt 0:01:32]} 19. Qe2 {[%emt 0:01:27]} Qd7 {[%emt 0:05:58]} 20. Ba3 {[%emt 0:06:15]} Bxa3 {[%emt 0:05:04]} 21. Rxa3 {[%emt 0:00:01]} a6 {[%emt 0:00:17]} 22. Ra2 {[%emt 0:01:24]} Rae8 {[%emt 0:02:39]} 23. g4 {[%emt 0:01:54]} Nfe7 {[%emt 0:01:19]} 24. Ng5 {[%emt 0:00:12]} Rf6 {[%emt 0:02:25]} 25. Qg2 {[%emt 0:02:53]} Nd8 {[%emt 0:06:39]} 26. Qh3 {[%emt 0:01:03]} Nf7 {[%emt 0:00:47]} 27. Nh7 {[%emt 0:01:10]} Qc7 {[%emt 0:02:46]} 28. Nxf6+ {[%emt 0:00:16]} gxf6 {[%emt 0:00:01]} 29. Rc2 {[%emt 0:00:38]} Kg7 {[%emt 0:00:43]} 30. Qe3 {[%emt 0:00:46]} Qd6 {[%emt 0:01:17]} 31. Re2 {[%emt 0:03:36]} Nd8 {[%emt 0:01:01]} 32. g5 {[%emt 0:00:41]} f5 {[%emt 0:00:16]} 33. Qe5+ {[%emt 0:01:10]} Qxe5 {[%emt 0:00:07]} 34. dxe5 {[%emt 0:00:18]} Ndc6 {[%emt 0:00:38]} 35. Rb1 {[%emt 0:01:15]} Na5 {[%emt 0:00:37]} 36. Reb2 {[%emt 0:02:09]} Rc8 {[%emt 0:00:53]} 37. Rxb7 {[%emt 0:00:33]} Nxb7 {[%emt 0:00:05]} 38. Rxb7 {[%emt 0:00:02]} Kf7 {[%emt 0:00:20]} 39. Bxa6 {[%emt 0:00:12]} Rxc3 {[%emt 0:00:05]} 40. Bb5 Ra3 {[%emt 0:02:15]} 41. h4 {[%emt 0:01:32]} d4 42. h5 {[%emt 0:01:19]} d3 {[%emt 0:02:48]} 43. hxg6+ {[%emt 0:00:23]} Kxg6 {[%emt 0:00:14]} 44. Rxe7 {[%emt 0:00:06]} d2 {[%emt 0:00:12]} 45. Be8# {[%emt 0:00:06]} 0-1